|
|
|
|
| LEADER |
00000nab a2200000 a 4500 |
| 001 |
vtls000692765 |
| 003 |
SK-MaSNL |
| 005 |
20260319075540.0 |
| 008 |
141024c1999 xo 0 hun |
| 015 |
|
|
|a SNBRB1999/04-10635
|
| 035 |
|
|
|a CLN000044932
|
| 040 |
|
|
|a SNKBUCL
|b slo
|c SNKBUCL
|e AACR2
|
| 041 |
0 |
|
|a hun
|
| 044 |
|
|
|a xo
|c SK
|
| 080 |
|
|
|a 37.03:159.953.5-053.4
|2 1997
|
| 080 |
|
|
|a 159.953.5-053.4
|2 1997
|
| 100 |
1 |
|
|a Belkovics, Judit,
|d 1966-
|4 aut
|9 858940
|
| 245 |
1 |
0 |
|a A tanulási képességek fejlesztése
|c Belkovics Judit
|
| 300 |
|
|
|b Fotogr.
|
| 650 |
0 |
7 |
|a učenie sa
|x schopnosti
|x rozvíjanie
|2 snkbucl
|9 889243
|
| 655 |
|
7 |
|a články z novín a časopisov
|2 snkbucl
|9 267496
|
| 773 |
0 |
|
|t Katedra
|g Roč. 6, č. 8 (1999), s. 17
|
| 850 |
|
|
|a Slovenská národná knižnica v Martine
|
| 852 |
|
|
|a SNK
|b KIS3GCP
|
| 958 |
|
|
|a HU
|
| 999 |
|
|
|c 1410186
|d 1412116
|